000
00317nam a2200133Ia 4500
005
20260328101503.0
008
260328s9999||||xx |||||||||||||| ||und||
100
_a
Toussaint, Manuel
245
0
_a
Arte mudéjar en América /
_c
Manuel Toussaint
260
_b
Porrua
300
_a
143 p.
650
_a
ARTE
942
_c
BK
999
_c
8969
_d
8969